| Поле | Инд. | ПП | Название | Значение |
|---|---|---|---|---|
| Тип записи | a | |||
| Библиографический уровень | m | |||
| 001 | Контрольный номер | d2a9a7e6-27e0-4c9e-884a-e35a84dfc404 | ||
| 005 | Дата корректировки | 20131112064755.5 | ||
| 008 | Кодируемые данные | 000621 d | ||
| 020 | a | ISBN | 5-06-003085-7 | |
| c | Цена, тираж | 25.00 | ||
| 040 | a | Служба первич. каталог. | НБ ТвГУ | |
| 041 | a | Код языка текста | rus | |
| 080 | a | Индекс УДК | 531(075.8) | |
| 084 | a | Индекс другой классификации/Индекс ББК | В21я731-1 | |
| 090 | x | Авторский знак | И83 | |
| a | Полочн. индекс | В21 | ||
| 100 | 1_ | a | Автор | Иродов Игорь Евгеньевич |
| 245 | 0_ | a | Заглавие | Основные законы механики |
| b | Продолж. заглавия | Учеб. пособие для студентов вузов | ||
| c | Ответственность | И.Е. Иродов | ||
| 250 | a | Основные сведения об издании | 4.изд., перераб. и доп. | |
| 260 | 0_ | a | Место издания | Москва |
| b | Издательство | Высшая школа | ||
| c | Дата издания | 1997 | ||
| 300 | a | Объем | 238,[1] с. | |
| b | Иллюстрации/ тип воспроизводства | ил. | ||
| 504 | a | Библиография | Предм. указ.: с.237-239. | |
| 583 | a | Действие | Получение впервые 132 18.04.2000 | |
| k | Исполнитель действия | Взамен утраченных | ||
| 650 | a | Основная рубрика | Механика | |
| x | Основная подрубрика | Учебники для вузов | ||
| 653 | a | Ключевые слова | Механика | |
| a | Ключевые слова | Законы механики | ||
| a | Ключевые слова | Основные законы механики | ||
| a | Ключевые слова | Ньютоновская механика | ||
| a | Ключевые слова | Релятивистская механика | ||
| 852 | t | Порядковый номер экземпляра | 2 | |
| p | Инвентарный номер | 722028 | ||
| p | Инвентарный номер | 722029 | ||
| 888 | a | Бесплатные | ||
| 930 | a | Новая/Ретро | учебники | |
| 952 | p | 132.2000 25.00 1 722028 | ||
| p | 132.2000 25.00 1 722029 | |||
| c | Вид литературы | К ру | ||
| 954 | a | Дата поступления на обработку | 20000426 | |
| 999 | a | Подразделение 2 | Фил3 |